[Event "ch-Central Serbia w 2013"]
[Site "Pozarevac SRB"]
[Date "2013.02.18"]
[Round "1.1"]
[White "Injac,Teodora"]
[Black "Velickovski Nejkovic,M"]
[Result "1/2-1/2"]
[WhiteElo "1745"]
[BlackElo "2137"]

1.e4 d6 2.d4 Nf6 3.Nc3 Nbd7 4.f3 e5 5.Be3 c6 6.Nge2 Be7 7.Qd2 O-O 8.a4 Qa5
9.Ng3 d5 10.dxe5 Nxe5 11.Bd4 dxe4 12.Ncxe4 Qxd2+ 13.Nxd2 Ng6 14.O-O-O c5
15.Bf2 Bd7 16.b3 b6 17.Nde4 Nxe4 18.Nxe4 Be6 19.Nd2 Nf4 20.g3 Nd5 21.Bc4 Rad8
22.Rde1 Rfe8 23.Bb5 Rf8 24.Bc4 h6 25.f4 Bf6 26.Ne4 Bd4 27.Bxd4 cxd4 28.Kb2 Bf5
29.Bxd5 Rxd5 30.Nf2 Rc5 31.Nd3 Rc3 32.Rd1 Rfc8 33.Rd2 Bxd3 34.cxd3 a6 35.Re1 b5
36.axb5 Rb8 37.Re5 Rxb5 38.Rxb5 axb5 39.Ka3 Kf8 40.Kb4 Ke7 41.Kxb5 Rxb3+
42.Kc4 Ra3 43.Kxd4 Kd6 44.Ke4 g6 45.Rb2 f5+ 46.Ke3 Ra6 47.Rb3 Kc5 48.Rb2 Re6+
49.Kd2 Ra6 50.Ke3 Re6+ 51.Kd2  1/2-1/2

[Event "ch-ROU w 2013"]
[Site "Baile Olanesti ROU"]
[Date "2013.02.19"]
[Round "4.2"]
[White "Peptan,C"]
[Black "Dragomirescu,An"]
[Result "1-0"]
[WhiteElo "2443"]
[BlackElo "2235"]

1.e4 d6 2.d4 Nf6 3.Nc3 e5 4.Bg5 Be7 5.Nf3 Nbd7 6.Qd2 h6 7.Be3 Ng4 8.O-O-O c6
9.Bc4 Nxe3 10.fxe3 b5 11.Bb3 Qc7 12.Qf2 O-O 13.Nh4 Bxh4 14.Qxh4 Qd8 15.Qxd8 Rxd8
16.Rhf1 Rf8 17.dxe5 Nxe5 18.Rxd6 Re8 19.h3 Be6 20.Bxe6 Rxe6 21.Rxe6 fxe6
22.b3 Rd8 23.Ne2 a6 24.Nd4 Rd6 25.Rd1 c5 26.Nf3 Rxd1+ 27.Kxd1 Nd7 28.Kd2 Kf7
29.e5 Ke7 30.Kd3 Nb6 31.Nd2 Nd7 32.Ke4 Nb6 33.a3 Kd7 34.Nf1 Ke7 35.Ng3 Kf7
36.Nh5 Nd7 37.Nf4 Ke7 38.Nd3 Kd8 39.b4 c4 40.Nf4 Ke7 41.Kd4 g5 42.Nh5 Kd8
43.Nf6 Nf8 44.Ng8 h5 45.Nf6 h4 46.Ne4 Kc7 47.Nxg5 Kc6 48.Ne4 Kb6 49.g4 hxg3
50.Nxg3 Ng6 51.Ne4 a5 52.Ng5 axb4 53.axb4 Ne7 54.c3 Nf5+ 55.Ke4 Ng7 56.Kf4 Kc6
57.h4 Kd7 58.Ne4 Ke7 59.Nd6  1-0

[Event "ch-ROU 2013"]
[Site "Baile Olanesti ROU"]
[Date "2013.02.19"]
[Round "5.50"]
[White "Kaunz,W"]
[Black "Ciortan,M"]
[Result "1/2-1/2"]
[WhiteElo "1822"]
[BlackElo "1708"]

1.e4 d6 2.d4 Nf6 3.Nc3 e5 4.dxe5 dxe5 5.Qxd8+ Kxd8 6.Bc4 Be6 7.Bxe6 fxe6
8.Nf3 Bd6 9.h3 Ke7 10.Be3 Nc6 11.a3 a6 12.O-O Nd8 13.Nd2 Nf7 14.f3 Nd7 15.Rfd1 Bc5
16.Kf2 Bxe3+ 17.Kxe3 Rhd8 18.Nc4 b6 19.Rd2 Nc5 20.Rad1 Rxd2 21.Rxd2 Rd8  1/2-1/2

[Event "ch-ROU w 2013"]
[Site "Baile Olanesti ROU"]
[Date "2013.02.20"]
[Round "5.3"]
[White "Visanescu,D"]
[Black "Ionescu,I"]
[Result "1-0"]
[WhiteElo "2068"]
[BlackElo "2253"]

1.e4 d6 2.d4 Nf6 3.Nc3 c6 4.Nf3 Bg4 5.Be3 e6 6.h3 Bh5 7.Bd3 Be7 8.Ne2 Bg6
9.Ng3 d5 10.exd5 cxd5 11.Ne5 Bxd3 12.Qxd3 Nc6 13.O-O O-O 14.f4 g6 15.f5 Nxe5
16.dxe5 Ne4 17.Bh6 Nxg3 18.Qxg3 Re8 19.fxg6 Bc5+ 20.Kh1 fxg6 21.Qf4 Qc7 22.Rf3 Rf8
23.Bxf8 Rxf8 24.Qh4 Rxf3 25.gxf3 Qxe5 26.Re1 Qf5 27.Qg4 Kf7 28.Qxf5+ gxf5
29.Kg2 f4 30.Kf1 Kf6 31.Ke2 Kf5 32.Kd3 b5 33.c3 e5 34.Rd1 e4+ 35.Ke2 Ke5
36.Rh1 Be7 37.Rg1 b4 38.Rg7 Kd6 39.cxb4 h5 40.Rf7 Ke6 41.Rxf4  1-0

[Event "Moscow Gov Cup A Rapid"]
[Site "Moscow RUS"]
[Date "2013.02.20"]
[Round "7.12"]
[White "Shpagin,V"]
[Black "Konenkin,D"]
[Result "0-1"]
[WhiteElo "2305"]
[BlackElo "2282"]

1.d4 d6 2.e4 Nf6 3.Nc3 e5 4.Nge2 Nbd7 5.f3 Be7 6.Be3 O-O 7.Qd2 c6 8.O-O-O b5
9.g4 Qa5 10.g5 Ne8 11.h4 b4 12.Nb1 Qxa2 13.Qxb4 exd4 14.Nxd4 c5 15.Qb3 Qxb3
16.Nxb3 Ne5 17.Be2 a5 18.Na3 Ba6 19.Bxa6 Rxa6 20.Rhf1 f6 21.f4 Ng4 22.Bg1 fxg5
23.hxg5 Nc7 24.Nc4 Rxf4 25.Rxf4 Bxg5 26.Rf1 Ne6 27.Nbxa5 Bxf4+ 28.Kb1 g5
29.Rd1 h5 30.Nb7 h4 31.Nbxd6 h3 32.Nf5 h2 33.Bxh2 Nxh2 34.Rd7 g4 35.Ne7+ Kh7
36.Nf5+ Kg6 37.Ncd6 g3 38.Re7 Nd4 39.Rg7+ Kf6 40.Rf7+ Ke5 41.Re7+ Ne6 42.Nc4+ Kf6
43.Re8 g2 44.Rg8 Bg5  0-1

[Event "Reykjavik Open 2013"]
[Site "Reykjavik ISL"]
[Date "2013.02.20"]
[Round "2.46"]
[White "Hagen,Andr"]
[Black "Frick,R"]
[Result "1-0"]
[WhiteElo "2411"]
[BlackElo "2075"]

1.e4 d6 2.d4 Nf6 3.Nc3 e5 4.Nf3 exd4 5.Nxd4 Nc6 6.Bc4 Be7 7.O-O O-O 8.h3 Nd7
9.Nd5 Nb6 10.Nxc6 bxc6 11.Nxe7+ Qxe7 12.Bd3 Bd7 13.Re1  1-0

[Event "Reykjavik Open 2013"]
[Site "Reykjavik ISL"]
[Date "2013.02.20"]
[Round "3.26"]
[White "Kuzubov,Y"]
[Black "Cherednichenko,S"]
[Result "1-0"]
[WhiteElo "2622"]
[BlackElo "2307"]

1.d4 d6 2.e4 Nf6 3.Nc3 e5 4.Nf3 Nbd7 5.Bc4 Be7 6.O-O O-O 7.a4 a5 8.Re1 c6
9.h3 h6 10.b3 Re8 11.Bb2 Qc7 12.Qd2 Nf8 13.Rad1 Ng6 14.Qc1 Bd7 15.Bf1 Rad8
16.g3 Nh7 17.Bg2 Ng5 18.Nxg5 Bxg5 19.Qa1 h5 20.h4 Bf6 21.d5 Bg4 22.Rd3 c5
23.Nb5 Qe7 24.Bc1 Nf8 25.Na3 Rb8 26.Bd2 b6 27.Bf3 Bxf3 28.Rxf3 g6 29.Rd3 Bg7
30.Qd1 Kh7 31.Nc4 Nd7 32.Bg5 Bf6 33.Bc1 Bg7 34.Rf1 Rf8 35.Kg2 Kg8 36.Qe2 Rbe8
37.Rdd1 f5 38.exf5 Rxf5 39.Bg5 Bf6 40.Ne3 Bxg5 41.Nxf5 gxf5 42.hxg5 Qxg5
43.Rh1 Nf6 44.Rh4 Kg7 45.Rdh1 Nxd5 46.Qd1 Nf6 47.Qxd6 f4 48.Qc7+ Kg8 49.Qc6 Rd8
50.Qe6+ Kf8 51.Re1 Rd2 52.Qc8+ Kf7 53.Qb7+ Kf8 54.Qf3 Kg7 55.Kg1 Rxc2 56.Rh2 Rb2
57.Rg2 Kf7 58.Qb7+ Kf8 59.Rd1 Ng4 60.gxf4 Qh4 61.Qc8+ Kf7 62.Rd7+ Kf6 63.Qf8+  1-0

[Event "Reykjavik Open 2013"]
[Site "Reykjavik ISL"]
[Date "2013.02.20"]
[Round "3.29"]
[White "Bergsson,St"]
[Black "Yilmaz,M"]
[Result "0-1"]
[WhiteElo "2180"]
[BlackElo "2531"]

1.e4 d6 2.d4 Nf6 3.Nc3 e5 4.dxe5 dxe5 5.Qxd8+ Kxd8 6.Bg5 Be6 7.O-O-O+ Nd7
8.Nf3 Kc8 9.Bb5 c6 10.Ba4 Bb4 11.Bxf6 gxf6 12.Bb3 Rg8 13.Nh4 Nc5 14.f3 Kc7
15.Ne2 Nxb3+ 16.axb3 a5 17.c3 Be7 18.Kc2 f5 19.g3 fxe4 20.fxe4 Bxh4 21.gxh4 Rg2
22.Rd2 Rd8  0-1

[Event "ch-ROU w 2013"]
[Site "Baile Olanesti ROU"]
[Date "2013.02.21"]
[Round "6.12"]
[White "Moldovan,Petruta-Alisia"]
[Black "Vasilescu,M"]
[Result "0-1"]
[WhiteElo "1712"]
[BlackElo "1883"]

1.e4 d6 2.d4 Nf6 3.Nc3 e5 4.Nf3 Nbd7 5.Rg1 g6 6.g4 Bg7 7.g5 Nh5 8.Be3 O-O
9.Qd2 c6 10.O-O-O b5 11.Bh3 Nb6 12.Bxc8 Qxc8 13.d5 b4 14.Nb1 cxd5 15.Qxb4 d4
16.Bd2 Qc6 17.Rde1 Rfc8 18.Na3 Na4 19.Qb5 Qxb5 20.Nxb5 Rab8 21.Nxd6 Rc6 22.b3 Rxd6
23.bxa4 Rc6 24.a5 Rc4 25.a3 Rbc8 26.Kd1 Rxc2 27.Ke2 Nf4+ 28.Kf1 Nd3 29.Rb1 Rb2
30.Rxb2 Nxb2 31.Ne1 Bf8 32.Rg3 Nc4 33.Bb4 Bxb4 34.axb4 Nd2+ 35.Ke2 Nxe4 36.Rg1 f5
37.gxf6 Nxf6 38.Kd3 Nd5 39.Nc2 Rc3+ 40.Kd2 Rf3 41.Rg2 Nf4 42.Rg1 Rxf2+ 43.Kd1 d3
44.Ne1 e4 45.h4 Nd5  0-1

[Event "ch-ROU 2013"]
[Site "Baile Olanesti ROU"]
[Date "2013.02.21"]
[Round "7.44"]
[White "Kutnik,A"]
[Black "Ciortan,M"]
[Result "0-1"]
[WhiteElo "2142"]
[BlackElo "1708"]

1.e4 d6 2.d4 Nf6 3.Nc3 e5 4.Nge2 Nc6 5.h3 Bd7 6.Be3 g6 7.g4 Bg7 8.Bg2 Qe7
9.d5 Nb4 10.a3 Na6 11.Qd2 b6 12.b4 h5 13.Qd3 Bc8 14.g5 Nd7 15.h4 Bb7 16.Nb5 O-O
17.Bh3 Rfd8 18.c4 Kh7 19.Rd1 f6 20.Ng3 Kh8 21.Qe2 Qe8 22.Kd2 Nf8 23.Rdg1 c6
24.Nc3 Nc7 25.gxf6 Bxf6 26.Bh6 Nh7 27.Bf5 gxf5 28.Nxh5 Qf7 29.Nxf6 Nxf6 30.Rg7 Qxg7
31.Bxg7+ Kxg7 32.exf5 cxd5 33.cxd5 Bxd5 34.Rg1+ Kf7 35.Rg6 Rg8 36.h5 Rxg6
37.hxg6+ Kg7 38.f3 Rh8 39.Ne4 Bxe4 40.fxe4 Re8 41.Qc4 Re7 42.Qc6 d5 43.Qb7 dxe4
44.Qxa7 Ncd5 45.Qb8 e3+ 46.Ke2 Ne4 47.Kf3 Nef6 48.Ke2 e4 49.Qd6 Rc7 50.Qe6  0-1

[Event "33rd TCh-IND 2013"]
[Site "Hyderabad IND"]
[Date "2013.02.21"]
[Round "1.3"]
[White "Vishnu,P"]
[Black "Ramani,K"]
[Result "1-0"]
[WhiteElo "2483"]
[BlackElo "1918"]

1.e4 d6 2.d4 Nf6 3.Nc3 c6 4.f4 g6 5.Nf3 Bg7 6.Be3 Nbd7 7.Qd2 Ng4 8.Bg1 e5
9.dxe5 dxe5 10.h3 Nh6 11.Be3 Ng8 12.O-O-O Qc7 13.Bc4 Ne7 14.Bxf7+ Kxf7 15.Ng5+ Kg8
16.Ne6 Qb8 17.Bc5 Nxc5 18.Qd8+ Kf7 19.Ng5+ Kf6 20.Rd6+ Ne6 21.fxe5+ Kxe5
22.Nf7+ Kf4 23.Qxe7 g5 24.Rxe6 h6 25.Qc5 Kg3 26.Qe3+ Kh4 27.Rg6 Be5 28.Rxh6+  1-0

[Event "ch-ROU 2013"]
[Site "Baile Olanesti ROU"]
[Date "2013.02.22"]
[Round "9.35"]
[White "Delgado Vlaic,A"]
[Black "Anuta,L"]
[Result "1/2-1/2"]
[WhiteElo "1957"]
[BlackElo "2049"]

1.e4 d6 2.d4 Nf6 3.Nc3 c6 4.Nge2 g6 5.g3 Bg7 6.Bg2 O-O 7.O-O e5 8.dxe5 dxe5
9.Be3 Qc7 10.f4 Ng4 11.Bc5 Rd8 12.Qe1 b6 13.Bf2 exf4 14.gxf4 Nxf2 15.Rxf2 Na6
16.e5 Nb4 17.Nb5 Qe7 18.Nec3 Bf5 19.Nd6 Rxd6 20.exd6 Qxd6 21.Qd2 Bd4 22.Kh1 Rd8
23.Re2 Nxc2 24.Rc1 Nb4 25.Ne4 Bxe4 26.Bxe4 c5 27.a3 Nd5 28.f5 Nf4 29.Ree1 g5
30.b4 h6 31.bxc5 bxc5 32.Qa5 Rd7 33.Qb5 Re7 34.Rb1 Kg7 35.Bf3 g4 36.Qc6 Qxc6
37.Bxc6 Rc7 38.Bb5 Kf6 39.Re8 Kxf5 40.Rf1 Kg5 41.Rg8+ Ng6 42.Bc4 f5 43.Bd3 Rf7
44.h4+ gxh3 45.Rf3 Be5 46.Rxh3 h5 47.Bc4 Rd7 48.Re3 Kf4 49.Rd3 Rxd3 50.Bxd3 Nh4
51.Ra8 Ke3 52.Bb5 c4 53.Bxc4 Bd4 54.Bf7 f4 55.Bxh5 Nf5 56.Re8+ Kd2 57.Bf3 Be3
58.Rh8 Kc3 59.Kg2 Kb3 60.Rh5 Nd4 61.Ra5 Nxf3 62.Kxf3 Bb6 63.Rd5 Kxa3  1/2-1/2

[Event "ch-Central Serbia w 2013"]
[Site "Pozarevac SRB"]
[Date "2013.02.22"]
[Round "7.1"]
[White "Milosevic,Jo"]
[Black "Velickovski Nejkovic,M"]
[Result "1-0"]
[WhiteElo "1892"]
[BlackElo "2137"]

1.e4 d6 2.d4 Nf6 3.Nc3 e5 4.dxe5 dxe5 5.Qxd8+ Kxd8 6.Nf3 Bd6 7.Bc4 Be6 8.Bxe6 fxe6
9.Be3 c6 10.Nd2 Nbd7 11.a4 a5 12.f3 Ke7 13.Nc4 Bc7 14.Ke2 h6 15.Rad1 Rhb8
16.Na3 Bd6 17.Nc4 Bc7 18.Na3 Bb6 19.Rd2 Bxe3 20.Kxe3 g5 21.g4 h5 22.h4 Rg8
23.hxg5 Rxg5 24.gxh5 Nxh5 25.Nc4 Nhf6 26.Rhh2 Rg7 27.Rdg2 Rf7 28.Rg5 Nh7
29.Rgh5 Nhf6 30.Rh8 Rff8 31.Rxf8 Kxf8 32.Rh8+ Ng8 33.Rh5 Ngf6 34.Rg5 Nh7
35.Rg1 b6 36.Rd1 Ke7 37.Rxd7+ Kxd7 38.Nxb6+ Kc7 39.Nxa8+ Kb7 40.f4 Kxa8 41.f5 Kb7
42.Kd3 Nf6 43.fxe6 Kb6 44.Kc4 Ne8 45.b4 Nd6+ 46.Kb3 Ka6 47.e7 Kb6 48.bxa5+ Kxa5
49.Ne2 Kb6 50.Ng3 Ne8 51.Nf5 Kc5 52.Kc3 Kb6 53.Kb4  1-0

[Event "Reykjavik Open 2013"]
[Site "Reykjavik ISL"]
[Date "2013.02.22"]
[Round "5.64"]
[White "Maggason,Oskar"]
[Black "Herbold,M"]
[Result "1/2-1/2"]
[WhiteElo "1903"]
[BlackElo "2125"]

1.d4 d6 2.e4 Nf6 3.Nc3 Nbd7 4.f4 e5 5.Nf3 exd4 6.Qxd4 Nc5 7.Bc4 Be6 8.Ng5 Qd7
9.Nxe6 Nxe6 10.Qf2 h5 11.h3 h4 12.O-O Be7 13.e5 Nh5 14.f5 Nd8 15.e6 Qc8 16.exf7+ Kf8
17.Nd5 Nxf7 18.Nxe7 Kxe7 19.Qxh4+ Nf6 20.Qg3 Kf8 21.Bd2 d5 22.Bb3 c5 23.Rae1 Qd7
24.a4 a5 25.Bc3 c4 26.Ba2 d4 27.Bd2 Qxa4 28.Bb1 Qd7 29.Bf4 Rh5 30.Qa3+ Kg8
31.b3 b5 32.bxc4 bxc4 33.Ba2 Qd5 34.Re7 Rc8 35.Ra7 Rxf5 36.g4 Qc5 37.Qxc5 Rfxc5
38.Re1 Nd5 39.Bd2 Nd6 40.Bxa5 Nb5 41.Ra6 Nbc3 42.Bxc3 Nxc3 43.Kf2 Rf8+ 44.Kg3 Rc7
45.Ree6 Rb8 46.g5 Rd8 47.g6 d3 48.cxd3 Nxa2 49.Rxa2 cxd3 50.Rd2 Rc2 51.Rxc2 dxc2
52.Rc6 Kf8 53.Rxc2 Rd6  1/2-1/2

[Event "Reykjavik Open 2013"]
[Site "Reykjavik ISL"]
[Date "2013.02.22"]
[Round "5.67"]
[White "Johansen,St"]
[Black "Eliasson,K"]
[Result "1/2-1/2"]
[WhiteElo "2090"]
[BlackElo "1873"]

1.d4 d6 2.e4 Nf6 3.Nc3 c6 4.f4 g6 5.Nf3 Bg7 6.Be2 a6 7.a4 O-O 8.O-O Bg4 9.Kh1 Nbd7
10.e5 Ne8 11.Ng5 Bxe2 12.Qxe2 e6 13.b3 h6 14.Nf3 Kh7 15.Ba3 Nb6 16.Ne4 Nc8
17.Qd3 Rh8 18.c4 d5 19.Ng3 Ne7 20.a5 Kg8 21.Bc5 Qd7 22.Ne2 Bf8 23.Bxe7 Bxe7
24.c5 Ng7 25.Kg1 Rh7 26.g4 Kh8 27.Ng3 Rg8 28.Kf2 h5 29.h3 Qd8 30.Kg2 h4 31.Ne2 Rh6
32.Qd2 Rh7 33.Ng5 Bxg5 34.fxg5 Ne8 35.Ng1 Rgg7 36.Nf3 Qe7 37.Qb4 Qc7 38.Qe1 Qe7
39.Qb4 Qc7 40.Ra4 Qc8 41.Qb6 Nc7 42.Rb4 Nb5 43.Nd2 Qd7 44.Kf3 Rg8 45.Rc1 Ra8
46.Nb1 Kg7 47.Rf1 Qe7 48.Ke2 Rhh8 49.Rf6 Rhb8 50.Kd3 Na7 51.Ra4 Nb5 52.Nc3 Kg8
53.Ra1 Qd7 54.Nxb5 axb5 55.a6 bxa6 56.Rxa6 Rxa6 57.Qxa6 Qb7  1/2-1/2

[Event "ch-ROU w 2013"]
[Site "Baile Olanesti ROU"]
[Date "2013.02.23"]
[Round "8.6"]
[White "Gelip,I"]
[Black "Vasilescu,M"]
[Result "0-1"]
[WhiteElo "2017"]
[BlackElo "1883"]

1.e4 d6 2.d4 Nf6 3.Nc3 e5 4.dxe5 dxe5 5.Qxd8+ Kxd8 6.Bc4 Ke8 7.Nf3 Bd6 8.h3 c6
9.a4 Nbd7 10.O-O Nc5 11.Ng5 Rf8 12.Rd1 Bc7 13.Be3 Ne6 14.Nxe6 Bxe6 15.Bxe6 fxe6
16.Rd3 Bb6 17.Bxb6 axb6 18.Rad1 Ke7 19.Rg3 Rf7 20.Rg5 Nd7 21.b3 Raf8 22.Rd2 Rd8
23.Nb1 Kf6 24.Rg3 Rff8 25.Rgd3 Ke7 26.Na3 Nc5 27.Rxd8 Rxd8 28.Rxd8 Kxd8 29.f3 Na6
30.Kf2 Ke7 31.Ke3 Nc5 32.Nc4 Nd7 33.b4 Kd8 34.Nd6 g6 35.h4 Kc7 36.Nf7 Kb8
37.Kf2 Ka7 38.Kg3 Ka6 39.Kg4 c5 40.c3 b5 41.a5 c4 42.Kg5 b6 43.axb6 Nxb6
44.Kh6 Na4 45.Kxh7 Nxc3 46.Nxe5 Na2 47.Ng4 Nxb4 48.Ne3 c3 49.Kxg6 Nc6 50.h5 b4
51.h6 b3 52.h7 c2 53.h8=Q c1=Q 54.Qa8+ Kb6 55.Nd5+ exd5 56.exd5 b2 57.Qxc6+ Qxc6+
58.dxc6 b1=Q+ 59.Kg5 Kxc6 60.f4 Kd6 61.g4 Ke6 62.f5+ Kf7 63.Kf4 Qc1+ 64.Ke4 Kf6
65.Kf3 Qc4  0-1

[Event "24th Metropolitan GM"]
[Site "Los Angeles USA"]
[Date "2013.02.23"]
[Round "6"]
[White "Sevian,Samuel"]
[Black "Khachiyan,M"]
[Result "1/2-1/2"]
[WhiteElo "2373"]
[BlackElo "2507"]

1.e4 d6 2.d4 Nf6 3.Nc3 e5 4.Nf3 Nbd7 5.Bc4 Be7 6.O-O O-O 7.Re1 c6 8.a4 a5
9.b3 Qc7 10.Bb2 Nb6 11.Bd3 Bg4 12.dxe5 dxe5 13.h3 Bh5 14.g4 Bg6 15.Nh4 Nfd7
16.Nf5 Bb4 17.Re3 Rfd8 18.h4 Nc5 19.h5 Bxf5 20.gxf5 Nxd3 21.cxd3 Nd7 22.Rg3 h6
23.Qg4 Bf8 24.Ba3 Nf6 25.Qh4 Ne8 26.Bxf8 Kxf8 27.Ne2 Qb6 28.d4 exd4 29.Nf4 d3
30.Nxd3 Qxb3 31.Nf4 Qb2 32.Re1 Rd4 33.Qg4 Rxa4 34.Nd3 Qd4 35.Qf3 Ra1 36.Rxa1 Qxa1+
37.Kg2 a4 38.e5 a3 39.f6 Nxf6 40.Rxg7 Kxg7 41.Qxf6+ Kg8 42.Qxh6 Qd4 43.Qg5+ Kf8
44.Qh6+ Kg8 45.Qg5+ Kf8 46.Qh6+ Kg8  1/2-1/2

[Event "Moscow Gov Cup A Rapid KO"]
[Site "Moscow RUS"]
[Date "2013.02.23"]
[Round "1.2"]
[White "Konenkin,D"]
[Black "Gumirov,K"]
[Result "1/2-1/2"]
[WhiteElo "2282"]
[BlackElo "2007"]

1.d4 d6 2.e4 Nf6 3.Nc3 e5 4.dxe5 dxe5 5.Qxd8+ Kxd8 6.Nf3 Bd6 7.Bg5 Be6 8.O-O-O Nd7
9.Nd5 Kc8 10.Nxf6 Nxf6 11.Bxf6 gxf6 12.a3 Rg8 13.h3 a6 14.c4 Bc5 15.Rd2 Rd8
16.Rc2 a5 17.Be2 Bxf2 18.c5 Be3+ 19.Kb1 c6 20.Rf1 Bf4 21.Ne1 f5 22.Nd3 fxe4
23.Nxf4 exf4 24.Rxf4 Bd5 25.Rh4 Kc7 26.Rxh7 Rh8 27.Rxh8 Rxh8 28.Bg4 Rf8 29.Rf2 e3
30.Re2 f5 31.Bf3 f4 32.Kc2 Rh8 33.Bxd5 cxd5 34.Kd3 Kc6 35.b4 axb4 36.axb4 Kb5
37.Kd4 Rh5 38.Rb2 Rg5 39.Kd3 Re5 40.Kd4 Re4+ 41.Kxd5 Rxb4 42.Rc2 Rb1 43.Ke4 Rb4+
44.Kf3 Rc4 45.Rb2+ Kc6 46.h4 Rc1 47.Kxf4 Rc4+ 48.Kxe3 Rxh4 49.Rc2 Rh5 50.g4 Rxc5
51.Rxc5+ Kxc5 52.Ke4 Kd6 53.g5 Ke6 54.Kd4 Kf5 55.Kc5 Kxg5 56.Kb6 Kh4  1/2-1/2

[Event "ch-Central Serbia 2013"]
[Site "Pozarevac SRB"]
[Date "2013.02.23"]
[Round "8.10"]
[White "Garic,R"]
[Black "Chelushkina,I"]
[Result "0-1"]
[WhiteElo "2271"]
[BlackElo "2265"]

1.e4 d6 2.d4 Nf6 3.Nc3 c6 4.Nf3 Bg4 5.h3 Bh5 6.Be2 Bg6 7.e5 dxe5 8.Nxe5 Nbd7
9.Nxg6 hxg6 10.O-O e6 11.Bg5 Qa5 12.Qd2 Bb4 13.Bf3 O-O 14.a3 Bxc3 15.bxc3 e5
16.Rfb1 Qc7 17.Bxf6 gxf6 18.a4 Kg7 19.d5 cxd5 20.Qxd5 Nc5 21.Rb5 Rac8 22.Rab1 b6
23.Qa2 e4 24.Bg4 f5 25.Be2 e3 26.fxe3 Qe5 27.Bf3 Qxe3+ 28.Kh1 Rh8 29.Rf1 Rcd8
30.Qa1 Ne4 31.c4+ Kg8 32.Qe1 Qxe1 33.Rxe1 Rd4 34.Bxe4 fxe4 35.c5 bxc5 36.Ra5 Rh5
37.c3 Rc4 38.Rxa7 Re5 39.Re3 Rd5 40.Re7 Rxa4 41.R7xe4 Rxe4 42.Rxe4 Kg7 43.Kg1 Kf6
44.Kf2 Rd2+ 45.Kf3 g5 46.Rc4 Rd5 47.Ke3 Kf5 48.Ra4 f6 49.g3 Ke5 50.Re4+ Kd6
51.Re8 Kd7 52.Ke4 Rd6 53.Ra8 Ke6 54.g4 Rd1 55.Ra6+ Kf7 56.Ra7+ Kg6 57.Ra3 Re1+
58.Kf3 Rh1 59.Kg2 Rc1 60.Kf3 Rc2 61.Ke4 Re2+ 62.Kf3 Rh2 63.Kg3 Rd2 64.c4 Rc2
65.Ra4 Rc3+ 66.Kf2 Kf7 67.Ke2 Ke6 68.Kd2 Rxh3 69.Ra5 Kd6 70.Ra6+ Ke7  0-1

[Event "Reykjavik Open 2013"]
[Site "Reykjavik ISL"]
[Date "2013.02.23"]
[Round "6.10"]
[White "Grandelius,N"]
[Black "Danielsen,Hen"]
[Result "1/2-1/2"]
[WhiteElo "2566"]
[BlackElo "2507"]

1.e4 d6 2.d4 Nf6 3.Nc3 e5 4.Nf3 Nbd7 5.Bc4 Be7 6.O-O O-O 7.a4 c6 8.Re1 b6
9.Ba2 Rb8 10.h3 a6 11.Be3 b5 12.axb5 axb5 13.b4 Bb7 14.Bb3 Ra8 15.Rxa8 Qxa8
16.Nh4 g6 17.Nf3 Qa3 18.Bh6 Qxb4 19.Bxf8 Bxf8 20.dxe5 dxe5 21.Na2 Qa5 22.Ng5 Kg7
23.Nxf7 c5 24.Be6 c4 25.Bxd7 Kxf7 26.Nc1 Bc5 27.Bg4 Qb6 28.Re2 Nxe4 29.Qe1 Qf6
30.Rxe4 Bxe4 31.Qxe4 Qxf2+ 32.Kh2 Qg1+  1/2-1/2

[Event "ch-ROU 2013"]
[Site "Baile Olanesti ROU"]
[Date "2013.02.24"]
[Round "11.40"]
[White "Miulescu,G"]
[Black "Ciortan,M"]
[Result "1/2-1/2"]
[WhiteElo "2161"]
[BlackElo "1708"]

1.e4 d6 2.d4 Nf6 3.Nc3 e5 4.Nf3 Nbd7 5.Bc4 h6 6.O-O c6 7.a4 Qc7 8.h3 Be7
9.Bb3 Nf8 10.d5 c5 11.Qd3 g5 12.Nh2 Ng6 13.a5 Nf4 14.Bxf4 gxf4 15.Nb5 Qd8
16.c4 Nh7 17.Ba4 Kf8 18.Bd1 Ng5 19.Kh1 Bd7 20.Nc3 Be8 21.Bg4 f6 22.g3 fxg3
23.fxg3 Bg6 24.Kg2 Kg7 25.a6 b6 26.Rf2 h5 27.Bf5 Bxf5 28.Rxf5 h4 29.g4 Qd7
30.Ne2 Raf8 31.Ng1 Kg6 32.Ngf3 Qe8 33.Qe3 Rh7 34.Rf1 Rg8 35.Qe1 Rgh8 36.Qe3 Rf8
37.Qe1 Rfh8 38.Qe3 Rf8 39.Nxg5 fxg5 40.Rxf8 Bxf8 41.Qf3 Rf7 42.Qxf7+ Qxf7
43.Rxf7 Kxf7 44.Nf3 Be7 45.Nd2 Bd8 46.Kf3 Ke7 47.Nb1 Kd7 48.Na3 Bc7 49.Nb5 Bb8
50.Ke3 Ke7 51.Kd3 Kd7 52.Kc3 Ke7 53.Kb3 Kd7 54.Ka4 Ke7 55.Nc3 Bc7  1/2-1/2

[Event "ch-ROU 2013"]
[Site "Baile Olanesti ROU"]
[Date "2013.02.24"]
[Round "11.6"]
[White "Gilea,L"]
[Black "Baratosi,D"]
[Result "1/2-1/2"]
[WhiteElo "2245"]
[BlackElo "2424"]

1.d4 d6 2.e4 Nf6 3.Nc3 e5 4.dxe5 dxe5 5.Qxd8+ Kxd8 6.Bc4 Ke8 7.Nf3 Bd6 8.h3 a6
9.a4 b6 10.O-O Bb7 11.Re1 Nbd7 12.Nd5 h6 13.Bd2 Nxd5 14.Bxd5 Rb8 15.Bc3 Ke7
16.Bc4 Rhe8 17.Rad1 Kf8 18.Bd5 Nf6 19.Bxb7 Rxb7 20.b3 Nd7 21.Re2 g6 22.Kf1 Rbb8
23.Ree1 f6  1/2-1/2

[Event "ch-ROU 2013"]
[Site "Baile Olanesti ROU"]
[Date "2013.02.24"]
[Round "11.29"]
[White "Kutnik,A"]
[Black "Anuta,L"]
[Result "1-0"]
[WhiteElo "2142"]
[BlackElo "2049"]

1.e4 d6 2.d4 Nf6 3.Nc3 c6 4.a4 g6 5.f4 Bg7 6.Nf3 O-O 7.Bd3 Bg4 8.h3 Bxf3
9.Qxf3 e6 10.Be3 d5 11.e5 Ne8 12.g4 c5 13.Rd1 Nc6 14.dxc5 f6 15.exf6 Bxf6
16.Bb5 Bh4+ 17.Bf2 Nb4 18.Rd2 Nc7 19.O-O a6 20.Bc4 Bxf2+ 21.Qxf2 Qe7 22.Bb3 Qf6
23.f5 gxf5 24.Qf4 d4 25.Rxd4 Nbd5 26.Nxd5 Nxd5 27.Bxd5 exd5 28.gxf5 Kh8 29.c3 Rg8+
30.Kh2 Rae8 31.Qf2 Qe5+ 32.Rf4 Rg7 33.Qd4 Qe2+ 34.R1f2 Qe1 35.Rg4 Qe5+ 36.Qxe5 Rxe5
37.f6 Rxg4 38.hxg4 Kg8 39.Kg3 h5 40.gxh5 Rxh5 41.f7+ Kf8 42.Kg4 Rh7 43.Rf6 Rg7+
44.Kf5 Rg2 45.b4 Rg3 46.Rb6 Rf3+ 47.Ke5 Rxc3 48.Rxb7 a5 49.bxa5 Rxc5 50.a6 Ra5
51.a7 d4+ 52.Kxd4 Rxa4+ 53.Kc5 Ra1 54.Rb8+ Kxf7 55.a8=Q  1-0

[Event "Bundesliga 2012-13"]
[Site "Bremen GER"]
[Date "2013.02.24"]
[Round "10"]
[White "Hector,J"]
[Black "Golod,V"]
[Result "0-1"]
[WhiteElo "2539"]
[BlackElo "2565"]

1.e4 d6 2.d4 Nf6 3.Nc3 e5 4.f4 exd4 5.Qxd4 Nc6 6.Qd3 g6 7.Bd2 Bg7 8.O-O-O O-O
9.Nf3 Re8 10.Re1 Nb4 11.Qc4 a5 12.Ng5 d5 13.exd5 Rxe1+ 14.Bxe1 h6 15.Nf3 Nfxd5
16.Nxd5 Be6 17.Bxb4 axb4 18.Qxb4 Qxd5 19.a3 Qa2 20.Kd2 Qxb2 21.Bd3 Rxa3 22.Qxb2 Bxb2
23.Rb1 Bc3+ 24.Ke2 b6 25.Nd2 Bg4+ 26.Ke3 Ra8 27.Ne4 Bg7 28.Ng3 Re8+ 29.Kd2 Bd7
30.Rb4 b5 31.Rb3 c6 32.Ne4 Be6 33.Rb1 Bd5 34.Re1 Kf8 35.g4 f5 36.gxf5 gxf5
37.Ng3 Bc3+ 38.Kxc3 Rxe1 39.Nxf5 h5 40.Kd4 Rh1 41.h4 Be6 42.Ng3 Rxh4 43.Ke5 Bf7
44.f5 Rg4 45.Ne4 h4 46.Bf1 Rg1 47.Bh3 Bd5 48.Nf6 Rg3 49.Bg4 h3  0-1

[Event "29th Open"]
[Site "Cappelle la Grande FRA"]
[Date "2013.02.24"]
[Round "2.38"]
[White "Grekh,A"]
[Black "Popovic,Du"]
[Result "0-1"]
[WhiteElo "2373"]
[BlackElo "2574"]

1.e4 d6 2.d4 Nf6 3.Nc3 e5 4.Nf3 Nbd7 5.Bc4 Be7 6.O-O Nb6 7.Bb3 exd4 8.Qxd4 O-O
9.Bg5 Nfd7 10.Bxe7 Qxe7 11.Rfe1 Nc5 12.Nd5 Nxd5 13.exd5 Qd8 14.Re3 Re8 15.Rxe8+ Qxe8
16.Re1 Qf8 17.Ng5 Bf5 18.g4 Bd7 19.Re3 Re8 20.Ne4 Nxe4 21.Rxe4 Rxe4 22.Qxe4 f5
23.gxf5 Bxf5 24.Qe3 b6 25.c3 h6 26.Bc4 Qf6 27.Qe8+ Kh7 28.Qe3 Qh4 29.b3 Qg4+
30.Kf1 Qd1+ 31.Kg2 Qg4+ 32.Kf1 Bg6 33.h3 Qd1+ 34.Kg2 Qb1 35.a4 Qe4+ 36.Qxe4 Bxe4+
37.f3 Bc2 38.Kg3 Kg6 39.Kg4 Kf6 40.Kf4 Bd1 41.Kg4 Ke5 42.Kg3 h5 43.Bb5 Bxb3
44.Be8 Bxd5 45.Bxh5 Bc6 46.f4+ Kf6 47.Bd1 b5 48.axb5 Bxb5 49.Kf3 a5 50.Ke3 a4
51.Kd2 a3 52.Kc1 Kf5  0-1

[Event "11th TCh-IND w 2013"]
[Site "Hyderabad IND"]
[Date "2013.02.24"]
[Round "5.1"]
[White "Soumya,Sw"]
[Black "Vijayalakshmi,S"]
[Result "0-1"]
[WhiteElo "2291"]
[BlackElo "2365"]

1.e4 d6 2.d4 Nf6 3.Nc3 e5 4.dxe5 dxe5 5.Qxd8+ Kxd8 6.Bc4 Be6 7.Bxe6 fxe6
8.Be3 Bb4 9.O-O-O+ Nbd7 10.Nge2 a6 11.f3 Ke7 12.g4 Bc5 13.Bxc5+ Nxc5 14.Ng3 Rad8
15.g5 Rxd1+ 16.Nxd1 Ne8 17.Ne3 Rf8 18.Rf1 Nd6 19.Ng4 Nd7 20.h4 Nf7 21.Kd2 Nh8
22.Ke3 Ng6 23.Rh1 b5 24.h5 Nh8 25.Ne2 Nf7 26.g6 Ng5 27.f4 exf4+ 28.Nxf4 h6
29.Rd1 c6 30.Nd3 Rf3+ 31.Ke2 Rh3 32.Nde5 Nxe5 33.Nxe5 Rxh5 34.Nxc6+ Kf6 35.Nb8 a5
36.Kd3 Kxg6 37.Nc6 a4 38.Nd4 Rh3+ 39.Ke2 b4 40.e5 a3 41.bxa3 bxa3 42.Rb1 h5
43.Rb6 h4 44.Nxe6 Nxe6 45.Rxe6+ Kf5 46.Re8 Rc3 47.e6 Rxc2+ 48.Kd3 Rg2 49.e7 Ke6
50.Rh8 Kxe7 51.Rxh4 Rxa2 52.Ra4 Kf6 53.Ke3 Rh2 54.Kf3 a2 55.Kg3 Rb2 56.Ra5 Ke6
57.Kg4 Kd6 58.Ra8 Kc5 59.Kf5 Kd4 60.Kg6 Rg2+ 61.Kf5 Kc3 62.Ke4 Kb2  0-1

[Event "Reykjavik Open 2013"]
[Site "Reykjavik ISL"]
[Date "2013.02.24"]
[Round "7.18"]
[White "Wang Jue"]
[Black "Ipatov,Alexander"]
[Result "0-1"]
[WhiteElo "2375"]
[BlackElo "2569"]

1.e4 d6 2.d4 Nf6 3.Nc3 e5 4.Nf3 Nbd7 5.Bc4 Be7 6.O-O O-O 7.Re1 a6 8.a4 b6
9.h3 Bb7 10.d5 Nh5 11.Bf1 g6 12.Bh6 Ng7 13.Qd2 Nf6 14.Nh2 Kh8 15.f4 Ng8 16.Bxg7+ Kxg7
17.f5 Bh4 18.Red1 Nf6 19.Nf3 Nh5 20.Ne2 h6 21.Nxh4 Qxh4 22.Qe3 Nf6 23.Ng3 Qf4
24.Qe1 h5 25.Ra3 h4 26.Rf3 Qg5 27.Nh1 Bc8 28.g4 Bd7 29.Nf2 Bxa4 30.Ra1 Bb5
31.c4 Bd7 32.Bg2 a5 33.Re3 a4 34.Qe2 b5 35.c5 b4 36.c6 Bc8 37.Qe1 Ra5 38.Rf3 gxf5
39.gxf5 Rg8 40.Kh1 Kf8 41.Ng4 Nxg4 42.hxg4 Qxg4 43.Qf2 Qxe4 44.Rh3 Rxg2 45.Qxg2 Bxf5
46.Rb3 Rxd5 47.Rf3 h3 48.Qg3 Bg4 49.Rf1 Bxf3+ 50.Rxf3 Rd3  0-1